1506 1592 1094 1801 1324 1714 1544 1489 1793 1787 1759 1606 1318 1712 1900 1780 1811 1804 1395 1658 1506 1351 1121 1088 1032 1997 1934 1863 1002 1239 1762 1308 1391 1476 1717 1505 1506 1272 1697 1542 1235 1521 1141 1421 1959 1047 1680 1291 1468 1856 1903 1408 1218 1036 1039 1645 1117 1443 1550 1403 1525 1227 1807 1274 1287 1459 1491 1598 1547 1625 1213 1861 1436 1590 1168 1494 1444 1897 1241 1525 1300 1718 1851 1501 1951 1984 1397 1495 1148 1820 1078 1008 1035 1773 1075 1806 1281 1167 1840 BCNSPRNW ULIB Ver.6.0+V

เปลี่ยนเป็นภาษาไทย

Change to English
 แสดงรายละเอียดบรรณานุกรม
  กลับหน้าหลัก

Brief Record : Get Marc (ISO 2709) : E-mail record : QR code < ปิดหน้าต่าง
LEADER : 00000nam 2200000uu 4500
001    13399120024
003     ULIB
008    120822s2550||||th 000 0 tha d
020    ^a9789742243937
090    ^aนว.^bต842ค
100 0  ^aมายณีย์
245 00 ^aคุ้งตะเคียน/^cมายณีย์
250    ^aพิมพ์ครั้งที่ 1
260    ^aกรุงเทพฯ :^bGasib
945    ^p185^l0^i15313
995    ^aกัณชพร
999 ^a ใช้งานได้ทุกระบบ
รายการนี้ยังไม่มีแท็ก
คุณยังไม่ได้ล็อกอิน คุณสามารถมีกิจกรรมร่วมกับเว็บไซต์ได้ แต่ต้องล็อกอินก่อน ::
  ล็อกอิน

รายการสื่อสารสนเทศ

ลำดับที่ ประเภท เลขเรียก/บาร์โค้ด สถานที่ สถานะ
1. นวนิยาย
นวนิยาย
นว. ต842ค  
  Barcode: 15313
ห้องสมุดวิทยาเขตสวรรค์ประชารักษ์
►นวนิยาย
ถูกยืม กำหนดส่งวันที่ 16 ธันวาคม 2559
  จอง

BibComment


ยังไม่เคยถูกคอมเมนท์

คอมเมนท์ทรัพยากรรายการนี้
  คอมเมนท์: คุ้งตะเคียน มายณ..


 Copyright 2026. Bcnsprnw @Library